000
00305nam a22001337a 4500
008
170614b xxu||||| |||| 00| 0 eng d
020
_a
020725922300250000000013
041
_a
eng
080
_a
94(100)
100
_a
19
101
_a
SHH
245
_a
WINNING MODERN WARS
_c
CLARK.W.K
942
_2
udc
_c
BK
999
_c
17275
_d
17275